[Event "Dyfed Open"]
[Site "Fishguard"]
[Date "2017.02.25"]
[Round "2"]
[White "Ehsander, Peter"]
[Black "Jones, Iolo C"]
[Result "0-1"]
[WhiteElo "1928"]
[BlackElo "2181"]
[Annotator "Rudy"]
[PlyCount "108"]
[EventDate "2017.02.24"]
[EventType "swiss"]
[EventRounds "5"]
[EventCountry "WLS"]

1. e4 e5 2. Nf3 Nf6 3. Nxe5 d6 4. Nf3 Nxe4 5. Nc3 Nxc3 6. dxc3 Be7 7. Be3 Nc6
8. Qd2 Bg4 (8... Be6) (8... O-O) 9. Be2 Bf6 (9... Qd7 {main}) 10. h3 (10. O-O-O
Qd7 11. Rhe1 O-O-O 12. h3 Be6 {Kobs-Lutz, GER ch tm corr 1995, 1/2-1/2}) 10...
Be6 11. Ng5 Bxg5 12. Bxg5 Qd7 (12... f6 13. Be3 Ne5 14. b3 O-O 15. f4 Nd7 16.
Bf3 $14 {Martins-Loresetti, Maringa op 2014,1-0}) 13. f4 (13. O-O-O) 13... f6
14. Bh4 (14. Bh5+ g6 15. Bxf6 O-O $1 $19) 14... Qf7 15. b3 O-O-O 16. O-O-O $14
Kb8 17. g4 (17. Bf3 d5 18. Rhe1 Rhe8 19. Bf2 $14 {Deep Hiarcs14}) 17... Rde8 (
17... h5 18. gxh5 Qd7 19. Rhg1 Rde8 (19... Bxh3 $11) 20. Bg4 Bxg4 21. hxg4 f5
$11 {Deep Hiarcs14}) 18. Rhf1 f5 19. Bf3 Bd7 20. Kb2 Qg6 21. Rg1 (21. Qg2)
21... Qh6 22. Bg3 (22. Bf2 Qxh3 23. Rg3 Qh6 24. g5 Qg6 25. Rh1 Qe6 26. Rgh3 h6
27. Re1 Qg8 28. Rxe8+ Bxe8 29. Bd5 Qf8 30. Qe3 Qe7 31. gxh6 Qxe3 32. Rxe3 gxh6
33. Be6 $14 {Deep Hiarcs14}) 22... Qf6 (22... Qxh3 23. g5 h5 24. gxh6 Qxh6 $15
{Deep Hiarcs14}) 23. g5 (23. Bf2 $14) 23... Qf7 24. Bf2 $14 (24. c4 b6 25. Bf2
Nd8 26. Qd5 Qxd5 27. cxd5 $16 {Komodo10}) 24... Nd8 25. c4 (25. Qd4 b6 26. Bd5
Be6 27. Bg2 Bd7 $14 {Deep Hiarcs14}) 25... Bc6 $11 26. Be2 (26. Bd5) 26... b6
27. a4 Nb7 (27... Ne6) 28. h4 Re7 29. Rde1 Rhe8 30. h5 Nc5 $15 31. Bxc5 dxc5 (
31... bxc5 $15) 32. a5 (32. Bd1 $11 a5) 32... Rd7 (32... Re6 33. Bd3 g6 34.
hxg6 hxg6 35. Qc3 Qd7 $15 {Deep Hiarcs14}) 33. Bd3 (33. Qc3 Be4 34. Rd1 $11 {
Deep Hiarcs14}) 33... Rxe1 (33... Qxh5 34. g6 Be4 35. Rg5 Qh4 36. Re2 h6 37.
Rxf5 Rdd8 38. Rf7 Bxg6 39. Rh2 Qxh2 40. Qxh2 Bxf7 $11 {Deep Hiarcs14}) 34. Qxe1
g6 (34... Re7) 35. hxg6 hxg6 36. Qe5 (36. axb6 Qg7+ 37. Qc3 Qxc3+ 38. Kxc3 cxb6
39. Re1 $11 {Deep Hiarcs14}) 36... Kb7 (36... Re7 37. Qh8+ Re8 $11 (37... Qe8
$11 {Deep Hiarcs14})) 37. Qf6 $2 (37. Re1 $11) 37... bxa5 $1 $15 {avoids a6 ch
& has a potential passed a pawn for later} 38. Qxf7 (38. Re1 $11 {Komodo10})
38... Rxf7 39. Re1 Bd7 (39... Rd7 40. Ka3 Rd4 41. Re6 Rd6 42. Re5 Kb6 $15) (
39... a4 40. bxa4 Bxa4 41. Re5 $11 {Deep Hiarcs14}) 40. Re5 Kb6 41. Rd5 (41.
Ka3 Rh7 42. Be2 $11 {Deep Hiarcs14 & Komodo10}) 41... Re7 $15 (41... a4 $17)
42. Kc3 (42. Ka3 a4 43. bxa4 Bc6 44. Rd8 Ka5 $17 {Deep Hiarcs14}) 42... a4 $17
43. b4 cxb4+ 44. Kxb4 Rh7 (44... Kb7 $15 {Komodo10}) 45. c5+ Kb7 46. Ka5 (46.
Rd4 $1 a6 (46... Re7 47. c3 Rh7 48. Bc4 Re7 49. Ka5 a3 50. Ba6+ Kb8 51. Rb4+
Ka8 52. Bb7+ $11) 47. c3 (47. Bc4 $11 {Komodo10}) 47... Bc6 (47... Be6 48. Kxa4
Kc6 49. Bc4 (49. Bxa6 Kxc5 $19 50. Bd3 Rh2 51. Bb1 Rb2 52. Rb4 Rxb4+ 53. cxb4+
Kd4 $19) 49... Bxc4 50. Rxc4 Re7 51. Ka5 Re6 52. Rb4 (52. Kb4 Re4 $19) 52...
Kxc5 $17 {Komodo10}) 48. Ka5 a3 49. Bxa6+ Kb8 50. Rb4+ Ka7 51. Bb5 Be4 52. Ra4
Rh4 53. Be8 Rxf4 54. Kb4+ Kb7 55. Kxa3 $11 {Deep Hiarcs14}) 46... a3 $19 47.
Ba6+ Kc6 48. c4 a2 49. Bb5+ Kb7 50. Ba6+ (50. c6+ Kb8 (50... Bxc6 51. Ba6+ Kb8
52. Rd8#) 51. Rd1 Bc8 52. Ba4 Rh2 53. Kb4 Rf2 $17 {Komodo10}) 50... Kb8 51. Rd1
c6 {safest} (51... Rh2 52. c6 Rd2 (52... Bc8 {Komodo10}) 53. Rh1 Be8 54. Bb5
Kc8 55. Ra1 Kd8 56. Kb4 Ke7 57. Re1+ Kf8 58. Kb3 Re2 59. Ra1 Ke7 $19 {Deep
Hiarcs14}) 52. Ra1 Rh2 53. Kb4 Kc7 54. Kc3 Rf2 {and Bl wins both K side pawns}
0-1

[Event "Dyfed Open"]
[Site "Fishguard"]
[Date "2017.02.25"]
[Round "2"]
[White "May, Frank"]
[Black "Miles, Richard"]
[Result "1/2-1/2"]
[WhiteElo "2103"]
[BlackElo "1983"]
[Annotator "Rudy"]
[PlyCount "38"]
[EventDate "2017.02.24"]
[EventType "swiss"]
[EventRounds "5"]
[EventCountry "WLS"]

1. f4 d5 2. Nf3 Nf6 3. g3 g6 4. Bg2 Bg7 5. O-O O-O 6. d3 c5 7. Qe1 Nc6 8. c3 (
8. e4 {main}) (8. h3 {eg Van Kemenade-Hewitt, Welsh Seniors Invitational 2016,
1/2-1/2}) 8... d4 9. Na3 Nd5 10. Bd2 Bg4 (10... e5) (10... Rb8) 11. Nc2 (11.
Nc4 {alternative}) 11... Rc8 (11... Qd7 12. c4 Nc7 (12... Bxf3 13. Bxf3 Ne3 14.
Bxe3 dxe3 15. Rb1 {Van Kemenade-Denison, Huddersfield League 2005,1-0}) 13. Ng5
(13. b4) 13... a5 14. h3 h6 15. hxg4 hxg5 16. Bf3 {Movsziszian-Youssoupov,
Sitges op 2016,1-0}) 12. Ng5 $146 (12. c4 $11 {yet 0-3}) 12... h6 (12... c4 $11
{Komodo10}) 13. Ne4 b6 14. Nf2 {Komodo10} (14. c4 Nf6 15. Nf2 $11) 14... Be6
15. e4 (15. c4 $11) 15... dxe3 16. Nxe3 Nxe3 17. Bxe3 Bd5 18. Qe2 Bxg2 (18...
e5 $15) 19. Kxg2 Qd5+ $15 {(draw?)} 1/2-1/2

[Event "Dyfed Open"]
[Site "Fishguard"]
[Date "2017.02.25"]
[Round "2"]
[White "Brown, Thomas"]
[Black "Spencer, Douglas"]
[Result "0-1"]
[WhiteElo "2087"]
[BlackElo "1962"]
[Annotator "Rudy"]
[PlyCount "94"]
[EventDate "2017.02.24"]
[EventType "swiss"]
[EventRounds "5"]
[EventCountry "WLS"]

1. d4 d5 2. c4 e6 3. Nc3 c6 4. Nf3 dxc4 5. Bg5 (5. a4 {main}) 5... Qa5 (5...
Be7) (5... f6 {main}) 6. e4 Bb4 $146 (6... b5 $11 {4 Wh wins & 4 draws}) 7. Bd2
b5 8. a4 Qb6 9. e5 (9. Be2 {Cloud Engines}) 9... a5 (9... Ne7 10. Ne4 Bxd2+ 11.
Qxd2 O-O $11 {Komodo10}) 10. Ne4 Bf8 11. Be2 Bb7 12. O-O $14 Nd7 13. b3 (13.
Be3 Qc7 14. b3 $16 {Komodo10}) 13... c5 14. dxc5 Nxc5 15. Nxc5 Bxc5 16. axb5
cxb3 17. Qxb3 Ne7 18. Qa4 Nd5 (18... O-O 19. Bxa5 Qa7 20. Qh4 Bd5 $14 {Komodo10
}) 19. Bxa5 $16 Nc3 {only move} 20. Bxb6 Rxa4 21. Bxc5 Nxe2+ 22. Kh1 Rc4 (22...
Nc3 23. Rxa4 Nxa4 24. Bb4 Nb2 25. Ra1 Kd7 26. Ng5 Ra8 27. Rxa8 Bxa8 28. f3 Bd5
29. Nxf7 $16 {Komodo10}) 23. Bd6 $18 Kd7 24. Ra7 Kc8 25. Ra2 (25. Nd2 Rc3 26.
Nb1 Rc4 27. Na3 Rc3 28. b6 $18 {Komodo10}) 25... Nf4 26. Rfa1 Rd8 (26... Bxf3
27. gxf3 Kb7 28. b6 Nd5 29. h3 Rhc8 30. Ra7+ Kxb6 31. Rxf7 g5 32. Rxh7 Rc3 33.
Kg2 Nf4+ 34. Kg3 Ne2+ 35. Kg4 $16 {Komodo10}) 27. Ra4 Rxa4 28. Rxa4 Bxf3 29.
Rxf4 (29. gxf3 Nd5 30. Ra8+ Kd7 31. Ra7+ Kc8 32. b6 Nxb6 33. Rc7+ Kb8 34. Rxf7+
Ka8 35. Rxg7 $18 {Komodo10}) 29... Bh5 30. g4 Bg6 $14 31. h4 h5 32. f3 Kb7 {
(draw?)} 33. Rc4 Ra8 34. Bc5 Ra2 35. Bd4 (35. b6 $16 Re2 36. Ra4 Kc6 37. Ra8
Rc2 38. Rc8+ Kb7 39. Rc7+ Kb8 40. Kg1 $16 {Komodo10; because the K can advance}
) 35... hxg4 $15 36. b6 (36. fxg4 Be4+ 37. Kg1 Rg2+ 38. Kf1 Rxg4 39. Ke2 Rxh4
40. Ra4 $15 {Komodo10}) 36... gxf3 $17 37. Rc7+ (37. h5 $1 {Komodo10} Be4 (
37... Bxh5 38. Rc7+ Kb8 39. Re7 f2 40. Kg2 Bf3+ 41. Kf1 Rc2 42. Re8+ Kb7 43.
Re7+ $11) 38. Bf2 Rxf2 39. Rxe4 Re2 40. Rf4 Rxe5 41. Rxf7+ Kxb6 42. Kg1 Rxh5
43. Kf2 Rf5 44. Rxg7 Kc5 45. Rg4 $11 {Nalimov tablebases}) 37... Kb8 $19 38.
Kg1 Rg2+ 39. Kf1 Bd3+ 40. Ke1 Re2+ 41. Kd1 f2 42. Rxf7 Re1+ 43. Kd2 f1=Q 44.
Rxf1 Rxf1 45. Kxd3 Rf4 46. h5 Kb7 47. Bc5 Rf5 0-1

[Event "Dyfed Open"]
[Site "Fishguard"]
[Date "2017.02.25"]
[Round "2"]
[White "Bevan, Peter M"]
[Black "Heap, Gerry"]
[Result "1/2-1/2"]
[WhiteElo "1917"]
[BlackElo "2072"]
[Annotator "Rudy"]
[PlyCount "70"]
[EventDate "2017.02.24"]
[EventType "swiss"]
[EventRounds "5"]
[EventCountry "WLS"]

1. c4 e5 2. g3 Nf6 3. Bg2 d5 4. cxd5 Nxd5 5. Nf3 Nc6 6. O-O Be7 7. d4 e4 (7...
exd4) 8. Ne5 f5 9. Nxc6 bxc6 10. f3 (10. Nc3) (10. Qc2) 10... exf3 11. Bxf3 O-O
12. Qc2 $146 {Komodo10} (12. Nc3) (12. Qa4) 12... Qd6 13. Bd2 (13. Nc3) 13...
f4 14. Bxd5+ Qxd5 $15 15. Rxf4 Rxf4 (15... Bh3 16. Qb3 Bg5 17. Rxf8+ Rxf8 18.
Bf4 Qxb3 19. axb3 Bf6 20. Nc3 Bxd4+ 21. e3 Bc5 $15 {Komodo10}) 16. Bxf4 Bh3 (
16... Qxd4+ 17. e3 Qf6 $11) 17. e3 g5 18. Bxc7 (18. Nc3 Qf3 19. Bxc7) 18... Qf3
19. Nc3 Qxe3+ 20. Qf2 Qd3 21. Rd1 Qc4 22. Qe2 Qxe2 23. Nxe2 c5 24. d5 Bf6 25.
d6 (25. Bd6 Rc8) 25... Bg4 26. Rd2 Re8 27. Kf2 Rf8 28. Kg2 Be5 $11 (28... Bd7
$11) 29. h3 Bf3+ 30. Kh2 h5 (30... Bc6 31. Kg1 Bd7 $11 {Komodo10}) 31. Ba5 $14
Bc6 32. d7 (32. Kg1 Bd7 33. Bc3 Rf5 34. h4 gxh4 35. gxh4 Bf4 36. Nxf4 Rxf4 37.
Re2 Rg4+ 38. Kf2 Rxh4 39. Re7 Rf4+ 40. Kg3 Rf7 41. Re5 Rf5 $11 {Komodo10})
32... Bxd7 33. Rxd7 Rf2+ 34. Kg1 Rxe2 35. Bc3 Bxc3 $11 1/2-1/2

[Event "Dyfed Open"]
[Site "Fishguard"]
[Date "2017.02.25"]
[Round "2"]
[White "Byway, Paul V"]
[Black "Taylor, Robert Graham"]
[Result "1-0"]
[WhiteElo "2054"]
[BlackElo "1930"]
[Annotator "Rudy"]
[PlyCount "139"]
[EventDate "2017.02.24"]
[EventType "swiss"]
[EventRounds "5"]
[EventCountry "WLS"]

1. Nf3 Nf6 2. c4 g6 3. d4 Bg7 4. Nc3 O-O 5. e3 c5 6. Be2 b6 7. O-O Bb7 8. d5 d6
9. e4 {it has taken Wh 2 moves to play e4, however the Bl QB is misplaced} Na6
(9... Nbd7 {main}) 10. Ne1 e5 (10... Nc7 {50% from 4 games , is the logical
follow up to Na6}) 11. Bg5 h6 12. Bh4 Nc7 13. Nd3 (13. Nc2 Bc8 14. Ne3 Bd7 $14
{Komodo10}) 13... Ba6 14. b3 Qd7 15. f3 (15. a4) 15... Nh7 (15... Nh5 16. Re1
Nf4 17. Bf1 b5 $11 {Komodo10}) 16. Qc2 f5 17. a4 (17. exf5 gxf5 18. Nf2 $14 {
Komodo10}) 17... Bf6 (17... f4 18. Bf2 Bf6 19. Rab1 Qe7 20. Nb5 Ne8 21. b4 $14
{Komodo10}) 18. Bxf6 Nxf6 19. exf5 gxf5 20. f4 e4 21. Nf2 Qg7 $11 22. Rac1 (22.
a5) 22... Bc8 23. Nfd1 Bd7 24. Ne3 Rae8 (24... Kh7) 25. Qd2 a5 26. Qe1 Nh7 (
26... Kh7 {avoids a Q swap}) 27. Qg3 Qxg3 28. hxg3 Re7 29. Kf2 $14 Nf6 30. Rh1
Kg7 31. Rh4 (31. Nb5 Nxb5 32. cxb5 Rg8 33. Rcd1 Kh7 34. Nc4 e3+ 35. Ke1 Ne4 36.
Rh2 Nd2 37. Nxb6 Nxb3 38. Nc4 $16 {Komodo10}) 31... Rh8 (31... Kg6 $11 32. g4
fxg4 33. Nxg4 Nxg4+ 34. Bxg4 Rxf4+ 35. Kg3 Rxg4+ 36. Rxg4+ Bxg4 37. Kxg4 Ne8
$11 {Komodo10}) 32. g4 $16 fxg4 33. Nxg4 (33. Bxg4 Nxg4+ 34. Nxg4 h5 35. Ne3
Ne8 36. Rf1 $16 (36. Rch1 $16 {Komodo10})) 33... Nxg4+ (33... e3+ 34. Nxe3 Rhe8
35. Nf1 $16 {Komodo10}) 34. Bxg4 $18 Bxg4 35. Rxg4+ Kf6 36. Nd1 (36. Re1 $18
Kf5 (36... Rhe8 37. Rh1 Rh8 38. Rgh4 Kg6 39. Ke3 Ne8 40. g4 $18) 37. Rh4 Ne8
38. Nxe4 Rxe4 39. g4+ Kxf4 40. g5+ $18 {Komodo10}) 36... Ne8 37. Rh4 Ng7 38. g4
$16 Kg6 39. Ne3 Rf7 40. Kg3 Rhf8 41. Ng2 (41. f5+ Kg5 42. Rch1 Rh8 43. Ng2 $18
{headed for e6; Komodo10}) 41... h5 42. Re1 (42. Rch1) 42... hxg4 43. Rxg4+ Kf6
44. Nh4 (44. Rxe4 Nf5+ 45. Kf2 Nd4 $14) 44... Nf5+ (44... Nh5+ 45. Kf2 Rg7 46.
Rxg7 Kxg7 47. Rg1+ Kh7 48. f5 Ng7 49. Rg5 Rf7 50. Ke3 Kh6 51. Rg1 Nxf5+ 52.
Nxf5+ Rxf5 53. Rg8 Rg5 54. Rd8 Rg4 55. Rxd6+ Kg5 56. Rxb6 Kf5 $11 57. Rb5 Rg3+
58. Kd2 Ke5 59. Rxc5 Rxb3 60. Rxa5 Kd4 $11 {Komodo10}) 45. Nxf5 Kxf5 46. Rg5+
Kf6 47. Rxe4 $18 Re7 48. Rxe7 Kxe7 49. Rg7+ Kf6 50. Rd7 Rg8+ 51. Kf3 Rg1 52.
Rxd6+ Kf5 53. Rxb6 Rf1+ 54. Ke3 Re1+ 55. Kd2 Rh1 56. Re6 (56. Rb5) 56... Rh3
57. Re3 Rh2+ 58. Re2 Rh3 59. Kc2 Kxf4 60. d6 Rh8 61. d7 (61. b4 $1 axb4 62. d7
Rd8 63. Rd2 Ke5 64. a5 Ke6 65. a6 $18 {Komodo10}) 61... Rd8 62. Rd2 Ke4 63. Rd5
(63. b4) 63... Ke3 64. Rxc5 Rxd7 65. Re5+ Kd4 66. Rxa5 Rh7 67. Rd5+ Ke4 68. Kc3
Rb7 69. a5 Rb8 70. a6 1-0

[Event "Dyfed Open"]
[Site "Fishguard"]
[Date "2017.02.25"]
[Round "2"]
[White "Greatorex, Roger"]
[Black "Hewitt, William"]
[Result "1/2-1/2"]
[WhiteElo "1820"]
[BlackElo "2033"]
[PlyCount "102"]
[EventDate "2017.02.24"]
[EventType "swiss"]
[EventRounds "5"]
[EventCountry "WLS"]

1. d4 Nf6 2. Nf3 g6 3. Bg5 Bg7 4. Nbd2 O-O 5. e4 d5 (5... d6) 6. e5 (6. exd5)
6... Ne4 7. Nxe4 (7. Be3) (7. Bd3) 7... dxe4 8. Nd2 (8. Ng1 c5 9. c3 Nc6 10.
Bb5 cxd4 11. Bxc6 bxc6 12. Qxd4 Qxd4 13. cxd4 Rd8 14. Rd1 Rd7 15. f3 Ba6 16.
fxe4 Rad8 17. Nf3 $11 {Escribano Serrano-Quijano Cabrera, Madrid San Viator op
2015,1-0}) 8... Qxd4 9. Bxe7 Re8 10. Ba3 (10. Nc4 Qxd1+ 11. Rxd1 Nd7 12. Bg5
Nxe5 $17 {Cloud Engines}) 10... Qxe5 11. Nc4 Qf6 $17 12. Be2 Be6 13. O-O Nc6
14. c3 h5 15. Qc2 Rad8 16. Rad1 Bf5 (16... Rxd1 17. Rxd1 b5 18. Ne3 Qe5 19. g3
Rd8 $17 {Fritz15}) 17. Ne3 Qe5 (17... Ne5 18. Nd5 Qg5 $17 {Fritz15}) 18. Rxd8 (
18. Nxf5 Qxf5 19. Qb3 Na5 20. Qa4 Bf6 21. h3 Qe5 $15 {Fritz15}) 18... Nxd8 $11
(18... Rxd8 $15) 19. Rd1 (19. Nxf5 Qxf5 20. Qa4 Nc6 21. Bb5 Rd8 22. Bxc6 bxc6
23. Qxa7 Be5 24. Qc5 Qe6 $15 {Fritz15}) 19... Be6 20. Qa4 Nc6 21. Bb5 Rd8 22.
Bxc6 Rxd1+ 23. Qxd1 (23. Nxd1 bxc6 24. Qxc6 Bxa2 25. Ne3 a5 $15 {Fritz15})
23... bxc6 $17 24. Qd8+ Kh7 25. c4 f5 26. g3 f4 27. gxf4 Qxf4 28. Qe7 Bh3 29.
Bc5 Kh6 30. b3 Qf3 31. Qh4 (31. Qxc7 Qe2 32. Qa5 Qd3 33. Qe1 a6 $17 {Fritz15})
31... a6 32. Qg3 g5 33. Be7 (33. Qxc7 $15) 33... Qxg3+ 34. fxg3 Kg6 35. Bc5 Be5
$17 36. Kf2 Kf6 37. Nc2 a5 38. Be3 (38. Bd4 Bf5 39. Bxe5+ Kxe5 40. Ke3 $11 {
Fritz15}) (38. Ke3 h4 39. Bd4 $11 {Fritz15}) 38... h4 39. Nd4 (39. Bd2 hxg3+
40. hxg3 c5 41. Bxa5 $11 {Fritz15}) 39... Bd7 40. Ne2 hxg3+ 41. Nxg3 Bf5 42.
Bd2 Bd4+ 43. Be3 (43. Ke2 $11 Bb6 (43... a4 44. Be3 Bxe3 (44... c5 45. bxa4 $14
) 45. Kxe3 axb3 46. axb3 Ke5 47. Ne2 $11) 44. Nxf5 Kxf5 45. h3 g4 46. hxg4+
Kxg4 47. b4 axb4 48. Bxb4 Kf5 49. a4 Ke6 50. a5 Bd4 51. a6 Kd7 52. Bc3 Ba7 53.
Bb4 $11 {Fritz15}) 43... c5 $17 44. Ke2 Bxe3 (44... Bg4+ 45. Kd2 Bf3 $17 {
Fritz15}) 45. Kxe3 $11 Ke5 46. Ne2 Bg4 47. Nc3 Bf5 48. Nd5 c6 {(draw?)} 49. Nc3
Bg6 50. Na4 Kd6 51. Nc3 Ke5 1/2-1/2

[Event "Dyfed Open"]
[Site "Fishguard"]
[Date "2017.02.25"]
[Round "2"]
[White "Rodriguez, Juan Talavera"]
[Black "May, Adam J"]
[Result "0-1"]
[WhiteElo "2007"]
[BlackElo "1922"]
[PlyCount "94"]
[EventDate "2017.02.24"]
[EventType "swiss"]
[EventRounds "5"]
[EventCountry "WLS"]

1. e4 c6 2. d4 d5 3. Nc3 dxe4 4. Nxe4 Bf5 5. Ng3 Bg6 6. h4 h6 7. h5 Bh7 8. Nf3
Nd7 9. Bd3 Bxd3 10. Qxd3 e6 11. Bf4 Qa5+ 12. Bd2 Bb4 13. c3 Be7 14. c4 Qc7 15.
O-O-O Ngf6 16. Ne4 Rd8 17. g3 (17. Kb1) 17... Nxe4 18. Qxe4 Nf6 19. Qe2 b5 20.
Qe1 $146 (20. Kb1) (20. c5) (20. cxb5 {all drawn in 3 games}) 20... Qb7 21. c5
Nd5 22. Ne5 b4 23. Qe2 a5 24. Rhe1 O-O $15 25. Rh1 a4 26. f4 a3 27. b3 Rfe8 (
27... Bf6 28. g4 Bxe5 29. Qxe5 Ne7 30. g5 Rd5 $15 {Fritz15}) 28. g4 $11 f6 29.
Nf3 (29. Ng6 $11) 29... Bf8 30. g5 e5 (30... Qf7 31. Qc4 $14) 31. dxe5 Qa7 (
31... Bxc5 32. Qc4 Qa7 33. gxf6 gxf6 34. Rhe1 $14 {Fritz15}) 32. gxf6 $16 Qxc5+
33. Qc4 (33. Kb1 Qc3 $1 34. Be1 (34. Bc1 Qxb3+ 35. axb3 Nc3+ 36. Ka1 Nxe2 $11)
34... Nxf4 $11) 33... gxf6 34. Rhg1+ Kh7 35. Rge1 (35. Kc2 $16) (35. Rg6 $14)
35... Qxc4+ 36. bxc4 Nb6 $15 37. Re4 Na4 (37... Rd3 38. Ne1 Rh3 39. c5 Bxc5 40.
Bxb4 Be3+ 41. Bd2 Bxd2+ 42. Rxd2 Rxh5 $15 {Komodo10}) 38. Kc2 $11 Nb2 39. Rb1 (
39. Rf1) 39... f5 40. Rd4 c5 41. Rxb2 (41. Rxd8 Rxd8 42. Nh4 Nxc4 43. Bc1 $11 {
Fritz15}) 41... axb2 $19 42. Rd5 Rxd5 43. cxd5 c4 (43... Rd8 $1 $19 44. d6 Bxd6
45. exd6 Rxd6 46. Be1 Rd3 47. Nd2 Re3 48. Bf2 Re2 49. Bxc5 Rxd2+ 50. Kb1 Kg8
51. Bxb4 Rd4 52. Bc3 Rxf4 53. Kxb2 Rh4 $19 {Fritz15}) 44. Nh4 (44. Kxb2 c3+ 45.
Bxc3 bxc3+ 46. Kxc3 Ra8 47. Nd4 Ra3+ 48. Kc4 Ra4+ 49. Kd3 Bc5 50. Nc6 (50. Nxf5
Rxf4 $19) 50... Ra6 51. Kc4 Be3 52. e6 Kg7 $19 {Fritz15}) 44... c3 $19 45. Be3
Ra8 46. d6 b3+ (46... Rxa2) 47. axb3 Ra1 0-1

[Event "Dyfed Open"]
[Site "Fishguard"]
[Date "2017.02.25"]
[Round "2"]
[White "Kett, Tim"]
[Black "Mort, Andrew J"]
[Result "1-0"]
[WhiteElo "2193"]
[BlackElo "1885"]
[PlyCount "83"]
[EventDate "2017.02.24"]
[EventType "swiss"]
[EventRounds "5"]
[EventCountry "WLS"]

1. e4 c6 2. d4 d5 3. e5 c5 4. dxc5 e6 5. Nf3 Nc6 6. a3 (6. Be3) 6... Bxc5 7.
Bd3 (7. b4 {main}) 7... Qc7 8. Qe2 Bd7 $146 (8... Nge7) (8... f6 {played}) 9.
O-O a6 10. Nbd2 Nge7 11. Nb3 Ba7 12. Re1 Ng6 $11 (12... O-O $11) 13. Bd2 Bb8
14. Bc3 (14. Bxg6 hxg6 15. h3 O-O 16. Rac1 $14 {Fritz15}) 14... Nf4 15. Qe3
Nxd3 16. cxd3 O-O $11 17. Rac1 Ba7 18. Bd4 Bxd4 19. Nbxd4 Rac8 20. h4 Qd8 21.
h5 h6 22. b4 Nxd4 23. Qxd4 (23. Nxd4 Qh4 $17) 23... Bb5 (23... Rxc1 24. Rxc1
Qb8 $11 {Fritz15}) 24. Rc3 Qd7 25. Rec1 Rfd8 26. Kf1 Rxc3 27. Rxc3 (27. Qxc3 d4
28. Qc2 Bc6 $11 {Fritz15}) 27... Rc8 28. Ke2 Rc6 29. Kd2 Qc7 30. Rxc6 bxc6 (
30... Qxc6 31. Qc5 Qd7 $11 {Fritz15}) 31. g4 (31. Qc5 $14) 31... a5 $11 {
(draw?)} 32. g5 axb4 33. axb4 hxg5 34. Nxg5 Qe7 35. Nf3 Qd8 36. Qg4 Qe7 $2 (
36... Qb6 $1 37. Qh4 (37. Ke2 Qa6 38. Qg5 Qa2+ $11) 37... Qa7 38. Ke2 Qa2+ $11)
37. h6 $16 g6 (37... f6 38. Nd4 fxe5 39. Nxe6 e4 40. Qxg7+ Qxg7 41. Nxg7 exd3 (
41... Bxd3 42. f3 $16) 42. Nf5 Kh7 43. Nd4 Ba4 44. Kxd3 Kxh6 45. Ke3 $16 {
Fritz15}) 38. Qf4 $18 c5 39. bxc5 (39. Ng5 Be8 40. bxc5 $18) 39... Qxc5 40. h7+
Kxh7 41. Ng5+ Kh6 42. Nxe6+ (42. Qh4+ Kg7 43. Qh7+ Kf8 44. Qxf7#) 1-0

[Event "Dyfed Open"]
[Site "Fishguard"]
[Date "2017.02.25"]
[Round "2"]
[White "Richmond, Jane"]
[Black "Haigh, Tony"]
[Result "1-0"]
[WhiteElo "2126"]
[BlackElo "1816"]
[PlyCount "45"]
[EventDate "2017.02.24"]
[EventType "swiss"]
[EventRounds "5"]
[EventCountry "WLS"]

1. e4 Nf6 2. e5 Nd5 3. Qf3 e6 4. Qg3 (4. Bc4 {also}) 4... d6 5. d4 Nc6 (5... c5
) 6. c3 (6. Nf3 dxe5 7. dxe5 Bd7 8. Be2 Qe7 9. a3 a5 10. c4 Nb6 11. Nc3 {D.
Ledger- P Richmond, 4NCL 1997,1-0}) 6... dxe5 7. dxe5 Nde7 8. Nf3 (8. f4 Nf5 9.
Qf2 Qd5 10. Nf3 Bc5 11. Qe2 a5 {Kelly-Hatchett, WLS ch Cardiff 2015,0-1}) 8...
Ng6 9. Nbd2 Nce7 10. h4 Nf5 11. Qg4 Qd5 12. Qe4 Bc5 (12... h5 $11) 13. h5 $16
Nge7 14. Bc4 Qxe4+ 15. Nxe4 Bb6 16. h6 $16 Nd5 (16... Nxh6 17. Rxh6 (17. Bxh6)
17... gxh6 18. Nf6+ Kd8 19. Bxh6 Nd5 20. Bg5 $18 {Fritz15}) 17. hxg7 $18 Nxg7
18. Bxd5 exd5 19. Nf6+ Kf8 (19... Ke7 20. Nxd5+ Ke6 21. c4 h5 22. Bg5 c6 23.
Nxb6 axb6 24. Bf6 Rg8 25. O-O-O $18 {Fritz15}) 20. Bh6 (20. Nxh7+ Rxh7 (20...
Ke7 21. Bg5+ Ke6 22. Rh6+ f6 23. Bxf6 Rg8 24. Bxg7+) 21. Rxh7 Kg8 22. Rh2 $18 {
Fritz15}) 20... c6 21. Rh5 Bd8 22. Rg5 Rg8 23. Nxh7+ 1-0

[Event "Dyfed Open"]
[Site "Fishguard"]
[Date "2017.02.25"]
[Round "2"]
[White "Stuart, Neil"]
[Black "Powell, Lloyd"]
[Result "1/2-1/2"]
[WhiteElo "1783"]
[BlackElo "2088"]
[PlyCount "65"]
[EventDate "2017.02.24"]
[EventType "swiss"]
[EventRounds "5"]
[EventCountry "WLS"]

1. d4 Nf6 2. c4 g6 3. Nc3 Bg7 4. e4 d6 5. Nf3 O-O 6. Be2 e5 7. Be3 Ng4 8. Bg5
f6 9. Bh4 Qe8 (9... Nc6) (9... g5 {main}) 10. h3 Nh6 11. Qd2 (11. dxe5 dxe5 12.
O-O Na6 {main}) 11... Nd7 $146 (11... c6 {played; 4-1} 12. d5 $16) 12. Rd1 Nf7
13. Nd5 Qd8 14. O-O c6 15. Nc3 Qc7 16. b4 (16. Bg3 {Fritz15 & Komodo9.2}) 16...
a5 17. b5 Re8 18. dxe5 dxe5 19. bxc6 bxc6 20. Rb1 $11 Nc5 21. Rfd1 Rd8 22. Qc2
Ne6 23. Rxd8+ Qxd8 24. Qd1 Qc7 (24... Qxd1+ 25. Bxd1 Ba6 26. Rb6 $11 {Fritz15})
25. Qb3 (25. Na4) 25... Ba6 26. Qb6 Qxb6 27. Rxb6 Nd4 28. Nxd4 exd4 29. Na4 Ne5
(29... Bc8 30. Bd1 g5 31. Bg3 f5 32. Rxc6 Bd7 33. Rc7 Bxa4 34. Bxa4 f4 35. Bc6
Rb8 36. Bxf4 gxf4 37. Bd5 Rf8 38. Kf1 Be5 39. Rc5 $11 {Fritz15}) 30. Nc5 (30.
Nb2 g5 (30... f5 31. exf5 gxf5 32. Bg3 $16) 31. Bg3 a4 32. Bxe5 fxe5 33. Nxa4
Bc8 34. Nc5 Rxa2 35. Rxc6 Rxe2 36. Rxc8+ Kf7 37. Rc7+ Kg6 38. Kf1 $16 {Fritz15}
) 30... Bxc4 31. Bxc4+ Nxc4 32. Rxc6 Rd8 (32... Rb8 $11) 33. Nd3 $16 (33. Nd3
Nd2 34. f3 g5 35. Be1 Nb1 36. Kf2 $16 {Fritz15}) 1/2-1/2